LEADER 01126nam a2200241 i 4500 001 000000048566 003 CaOOAMICUS 005 20250707142400.0 008 041123s1995 it u000 u ita u 013 $a19736 040 $aSeMil$bita 245 13$aLe Cinquecentine della Biblioteca Capitolare del duomo di Monza /$ca cura di Giuseppina Cernuschi. 260 $a[Monza] :$bSocietà di Studi Monzesi,$c1995. 300 $aXXXVI, 161 p. :$bill. ;$c25 cm. 650 4$aCinquecentine - Cataloghi.$0(OLS)http://semarc/subject/159 650 4$aMonza - Chiese - Basilica di San Giovanni Battista (Duomo) - Biblioteca capitolare - Cataloghi.$0(OLS)http://semarc/subject/10159 700 1 $aCernuschi, Giuseppina <1924-2007>.$0(OLS)http://semarc/name/24053 850 $aSeMil 852 $aSeMil$W1$xVenegono$y1$m3Y III 64$j259210$B14721$CSeMilBibl$Z2$F14721 $81 961 $aOmaggio: Donazione 996 $6245$aLe Cinquecentine della Biblioteca Capitolare del duomo di Monza$9(OLS)http://semarc/title/73524 996 $6260$a[Monza] :$bSocietà di Studi Monzesi$9(OLS)http://semarc/publisher/41037 LEADER 00808nam a2200193 i 4500 001 000000052229 003 CaOOAMICUS 005 20100803000000.0 008 100803s1921 xx u000 u lat u 013 $a23401 040 $aSeMil$bita 100 1 $aCerchiari, Emmanuele.$0(OLS)http://semarc/name/10511 245 10$a1: Relatio. 300 $a327 p. ;$c27 cm. 650 4$aDiritto canonico.$0(OLS)http://semarc/subject/207 773 0 $tCapellani papae et Apostolicae Sedis auditores causarum Sacri Palatii Apostolici, seu Sacra Romana Rota ab origine ad diem usque 20 septembris 1870.$dRomae : Typis Polyglottis Vaticanis, 1921-1919.$g1$w()23606 850 $aSeMil 852 $aSeMil$W1$xVenegono$y1$m2G IV 71$j18384$B18384$CSeMilBibl$Z2$F18385 $81 996 $6245$a1: Relatio$9(OLS)http://semarc/title/80108